[Event "Galego-ch U14"]
[Site "Viveiro"]
[Date "2016.02.08"]
[Round "6.8"]
[White "Rivera Rivas, Carlos"]
[Black "Lopez Varela, Pablo"]
[Result "0-1"]
[WhiteElo "1267"]
[BlackElo "1526"]
[PlyCount "62"]
[EventDate "2016.02.06"]
[EventType "swiss"]
[EventRounds "8"]
[EventCountry "ESP"]
[SourceTitle "EXT 2024"]
[Source "ChessBase"]
[SourceDate "2023.10.10"]
[SourceVersion "1"]
[SourceVersionDate "2023.10.10"]
[SourceQuality "1"]

1. e4 e5 2. Nf3 d6 3. d4 exd4 4. Qxd4 a6 5. Bf4 Nc6 6. Qe3 Be7 7. Nc3 Nf6 8. 0-0-0 Bd7 9. Bd3 Ng4 10. Qd2 Nce5 11. Bxe5 Nxe5 12. Nxe5 dxe5 13. Qe2 Bd6 14. a3 Qg5+ 15. Kb1 0-0 16. f3 Rfb8 17. Bc4 Bc6 18. Bd5 Bxd5 19. Nxd5 b5 20. Qd2 Qd8 21. Qa5 Qc8 22. Qc3 a5 23. Rd3 b4 24. axb4 axb4 25. Qc4 Ra5 26. Kc1 Ra1+ 27. Kd2 Rxh1 28. h3 Rh2 29. Ne3 Qxh3 30. Kd1 Ra8 31. Ke2 Rxg2+ 0-1